书目信息 |
| 题名: |
名师教案
|
|
| 作者: | 席志国 编著 | |
| 分册: | 民法篇 | |
| 出版信息: | 北京 知识产权出版社 2006.03 |
|
| 页数: | 303页 | |
| 开本: | 23cm | |
| 丛书名: | 新起点备战2006国家司法考试系列丛书 | |
| 单 册: | ||
| 中图分类: | D923.04 | |
| 科图分类: | ||
| 主题词: | 民法--min fa--中国--法律工作者--资格考核--自学参考资料 | |
| 电子资源: | ||
| ISBN: | 7-80198-506-0 | |
| 000 | 00976nam 2200253 450 | |
| 001 | 012007992202 | |
| 005 | 20071010153717.32 | |
| 010 | @a7-80198-506-0@dCNY36.00 (含光盘) | |
| 100 | @a20070803d2006 km y0chiy0120 ea | |
| 101 | 0 | @achi |
| 102 | @aCN@b110000 | |
| 105 | @ay z 000yy | |
| 200 | 1 | @a名师教案@Aming shi jiao an@i民法篇@f席志国编著@Fxi zhi guo bian zhu |
| 210 | @a北京@c知识产权出版社@d2006.03 | |
| 215 | @a303页@d23cm@e光盘1片 | |
| 225 | 2 | @a新起点备战2006国家司法考试系列丛书@Axin qi dian bei zhan 2006 guo jia si fa kao shi xi lie cong shu |
| 307 | @a光盘 ISBN : 7-900018-52-2 | |
| 330 | @a本书中将各章考点以“知识结构图”的形式表现出来,各章的考点重点进行提示,在正文中做了特别标注,便于考生快速高效的复习。 | |
| 410 | 0 | @12001 @a新起点备战2006国家司法考试系列丛书 |
| 606 | 0 | @a民法@Amin fa@y中国@x法律工作者@x资格考核@j自学参考资料 |
| 690 | @aD923.04@v4 | |
| 701 | 0 | @a席志国@Axi zhi guo@4编著 |
| 801 | 0 | @aCN@c20071010 |
| 905 | @dD923.04@eX158 | |
| 名师教案.民法篇/席志国编著.-北京:知识产权出版社,2006.03 |
| 303页;23cm+光盘1片.-(新起点备战2006国家司法考试系列丛书) |
| ISBN 7-80198-506-0:CNY36.00 (含光盘) |
| 本书中将各章考点以“知识结构图”的形式表现出来,各章的考点重点进行提示,在正文中做了特别标注,便于考生快速高效的复习。 |
| ● |
| 相关链接 |
|
|
|
正题名:名师教案
索取号:D923.04/X158
 
预约/预借
| 序号 | 登录号 | 条形码 | 馆藏地/架位号 | 状态 | 备注 |
| 1 | 252013 | 202520138 | 社科库509/422社科库 39排3列2层/ [索取号:D923.04/X158] | 在馆 | |
| 2 | 252014 | 202520147 | 社科库509/509社科库 91排7列4层/ [索取号:D923.04/X158] | 在馆 |